000 00679nam a2200253Ia 4500
003 OSt
005 20220918163803.0
006 a|||||r|||| 00| 0
007 ta
008 220917b |||||||| |||| 00| 0 eng d
020 _a0299106101
024 _a3,004
037 _cTextual
040 _aARTS
_cARTS
_beng
041 _2eng
_aeng
082 _aO111,3M12:g, M6
100 _aRaina Badri
_915373
245 0 _aDickens and the dialectic of growth
260 _aLondon
_bUniv Of Wisconsin Press UK
_c1986
300 _axiii,172p
_ccm.
650 _aENGLISH LITERATURE
942 _hO111,3M12:g, M6
_cTEXL
_2CC
999 _c121531
_d121531